[Event "Novokuznetsk-ch"]
[Site "Novokuznetsk"]
[Date "2015.05.06"]
[Round "6"]
[White "Karpov, Arkadiy"]
[Black "Nuzhdov, Vasiliy"]
[Result "1-0"]
[WhiteElo "2040"]
[BlackElo "1952"]
[PlyCount "57"]
[EventDate "2015.05.01"]
[EventType "swiss"]
[EventRounds "9"]
[EventCountry "RUS"]
[SourceTitle "CBM 166 Extra"]
[Source "ChessBase"]
[SourceDate "2015.06.18"]
[SourceVersion "1"]
[SourceVersionDate "2015.06.18"]
[SourceQuality "1"]

1. Nf3 d5 2. d4 Nf6 3. Bg5 Nbd7 4. Nbd2 b6 5. c4 Bb7 6. cxd5 Nxd5 7. e4 N5f6 8. Qc2 h6 9. Bxf6 exf6 10. Bb5 a6 11. Bc6 Bxc6 12. Qxc6 Bd6 13. e5 Be7 14. e6 fxe6 15. Qxe6 Nf8 16. Qc4 Qd7 17. 0-0 b5 18. Qb3 0-0-0 19. a4 b4 20. Rfe1 g5 21. Qc4 Kb7 22. Nb3 Bd6 23. Nc5+ Bxc5 24. dxc5 Ka7 25. h3 Ng6 26. Re6 c6 27. Rxf6 Nf4 28. Rf7 a5 29. Ne5 1-0

[Event "Novokuznetsk-ch"]
[Site "Novokuznetsk"]
[Date "2015.05.04"]
[Round "4"]
[White "Karpov, Arkadiy"]
[Black "Khalimanov, Alexandr"]
[Result "1/2-1/2"]
[WhiteElo "2040"]
[BlackElo "1968"]
[PlyCount "104"]
[EventDate "2015.05.01"]
[EventType "swiss"]
[EventRounds "9"]
[EventCountry "RUS"]
[SourceTitle "CBM 166 Extra"]
[Source "ChessBase"]
[SourceDate "2015.06.18"]
[SourceVersion "1"]
[SourceVersionDate "2015.06.18"]
[SourceQuality "1"]

1. c4 e5 2. Nc3 Nc6 3. g3 Bb4 4. Nd5 Bc5 5. Bg2 Nf6 6. e3 0-0 7. Ne2 Re8 8. Nec3 Nxd5 9. cxd5 Nb8 10. a3 Bf8 11. 0-0 d6 12. e4 Nd7 13. d3 c6 14. Be3 Nf6 15. Bg5 h6 16. Bxf6 Qxf6 17. Rc1 Bd7 18. Qb3 Rab8 19. Qa4 a6 20. Nd1 Qd8 21. dxc6 Bxc6 22. Qb3 Qd7 23. Ne3 Rbc8 24. Bf3 Qd8 25. Rc3 g6 26. Rfc1 h5 27. h4 Bh6 28. Bg2 Bxe3 29. fxe3 Qf6 30. Rf1 Qe6 31. Qxe6 fxe6 32. b4 Bd7 33. Rfc1 Rxc3 34. Rxc3 Rc8 35. Rxc8+ Bxc8 36. d4 Kf7 37. Kf2 Ke7 38. Bh3 Bd7 39. Kf3 Bc6 40. g4 Ba4 41. gxh5 gxh5 42. Ke2 Bc6 43. Bg2 exd4 44. exd4 e5 45. Ke3 Be8 46. Bf3 Kd7 47. a4 Kc6 48. Be2 Kb6 49. a5+ Kc6 50. Bc4 b5 51. axb6 Kxb6 52. dxe5 dxe5 1/2-1/2

[Event "Novokuznetsk-ch"]
[Site "Novokuznetsk"]
[Date "2015.05.03"]
[Round "3"]
[White "Zavyalov, Mikhail"]
[Black "Karpov, Arkadiy"]
[Result "1-0"]
[WhiteElo "2162"]
[BlackElo "2040"]
[PlyCount "73"]
[EventDate "2015.05.01"]
[EventType "swiss"]
[EventRounds "9"]
[EventCountry "RUS"]
[SourceTitle "CBM 166 Extra"]
[Source "ChessBase"]
[SourceDate "2015.06.18"]
[SourceVersion "1"]
[SourceVersionDate "2015.06.18"]
[SourceQuality "1"]

1. Nf3 Nf6 2. c4 g6 3. g3 Bg7 4. Bg2 c6 5. d4 h6 6. 0-0 d6 7. Nc3 Be6 8. d5 Bf5 9. Nd4 Bd7 10. e4 c5 11. Nde2 a6 12. a4 Qc8 13. Qb3 0-0 14. f3 a5 15. Bf4 Ne8 16. Rae1 Na6 17. Qd1 Bh3 18. Qd2 Bxg2 19. Kxg2 Kh7 20. g4 Nb8 21. h3 Nd7 22. Bg3 Ra6 23. b3 Bf6 24. Qc2 Bg7 25. f4 Bf6 26. Ng1 e5 27. dxe6 fxe6 28. e5 Bg7 29. Nf3 Qc6 30. exd6 Qxd6 31. f5 e5 32. Rd1 Qe7 33. Nd5 Qf7 34. Nh4 gxf5 35. Rxf5 Kg8 36. Rxf7 Rxf7 37. Nf5 1-0

[Event "Novokuznetsk-ch"]
[Site "Novokuznetsk"]
[Date "2015.05.01"]
[Round "1"]
[White "Chernov, Mikhail"]
[Black "Karpov, Arkadiy"]
[Result "1-0"]
[WhiteElo "2256"]
[BlackElo "2040"]
[PlyCount "73"]
[EventDate "2015.05.01"]
[EventType "swiss"]
[EventRounds "9"]
[EventCountry "RUS"]
[SourceTitle "CBM 166 Extra"]
[Source "ChessBase"]
[SourceDate "2015.06.18"]
[SourceVersion "1"]
[SourceVersionDate "2015.06.18"]
[SourceQuality "1"]

1. e4 d6 2. d4 Nf6 3. Nc3 g6 4. Be3 c6 5. h3 b5 6. e5 Nfd7 7. exd6 exd6 8. d5 b4 9. Qd4 Ne5 10. Qxb4 c5 11. Qb5+ Nbd7 12. Qe2 a5 13. Nb5 Ba6 14. a4 Bxb5 15. axb5 Qe7 16. Qd2 Nb6 17. Rxa5 Rb8 18. b3 Bh6 19. Nf3 Bxe3 20. fxe3 Nxf3+ 21. gxf3 Qh4+ 22. Kd1 Qh5 23. Ke2 Nxd5 24. c4 Ne7 25. Qxd6 Rd8 26. Qf4 0-0 27. Rg1 f6 28. Ra7 Rde8 29. Kf2 Nf5 30. Bd3 Nxe3 31. Re1 Nf5 32. Rxe8 Rxe8 33. Bxf5 gxf5 34. Qg3+ Qg5 35. Qxg5+ fxg5 36. Rc7 f4 37. b6 1-0

[Event "Novokuznetsk Old Stager op"]
[Site "Novokuznetsk"]
[Date "2015.02.15"]
[Round "9"]
[White "Martjushov, Vasily"]
[Black "Karpov, Arkadiy"]
[Result "1-0"]
[WhiteElo "2019"]
[BlackElo "2054"]
[PlyCount "93"]
[EventDate "2015.01.10"]
[EventType "swiss"]
[EventRounds "9"]
[EventCountry "RUS"]
[SourceTitle "EXT 2018"]
[Source "ChessBase"]
[SourceDate "2017.10.13"]
[SourceVersion "1"]
[SourceVersionDate "2017.10.13"]
[SourceQuality "1"]

1. d4 Nf6 2. e3 g6 3. Bd3 Bg7 4. f4 0-0 5. Nf3 d6 6. c4 c6 7. Bd2 Nbd7 8. Bc3 a5 9. Nbd2 d5 10. c5 b5 11. a3 Qc7 12. b4 axb4 13. axb4 Rxa1 14. Qxa1 Re8 15. 0-0 Ng4 16. Re1 Ndf6 17. h3 Nh6 18. Ne5 Bf5 19. Bf1 Ne4 20. Nxe4 dxe4 21. Qa6 Bd7 22. Ra1 f6 23. Qa2+ e6 24. Nxd7 Qxd7 25. g4 Nf7 26. Bg2 f5 27. g5 h6 28. h4 hxg5 29. hxg5 Nd8 30. Bf1 Nf7 31. Qa7 Qxa7 32. Rxa7 Nd8 33. Be2 Kf8 34. Bd1 Nf7 35. Bb3 Kg8 36. Kf1 Bf8 37. Ke2 Nd8 38. Ra8 Bg7 39. Bxe6+ Rxe6 40. Rxd8+ Bf8 41. d5 cxd5 42. Rxd5 Kf7 43. Rd7+ Be7 44. Rb7 Ra6 45. Bf6 Re6 46. Bxe7 Rxe7 47. Rxb5 1-0

[Event "Novokuznetsk Old Stager op"]
[Site "Novokuznetsk"]
[Date "2015.01.25"]
[Round "5"]
[White "Khramtsov, Anatoliy"]
[Black "Karpov, Arkadiy"]
[Result "1/2-1/2"]
[WhiteElo "2293"]
[BlackElo "2054"]
[PlyCount "120"]
[EventDate "2015.01.10"]
[EventType "swiss"]
[EventRounds "9"]
[EventCountry "RUS"]
[SourceTitle "EXT 2018"]
[Source "ChessBase"]
[SourceDate "2017.10.13"]
[SourceVersion "1"]
[SourceVersionDate "2017.10.13"]
[SourceQuality "1"]

1. e4 d6 2. d4 Nf6 3. Nc3 g6 4. Nf3 c6 5. a4 a5 6. Be2 Bg7 7. 0-0 0-0 8. h3 Na6 9. Be3 h6 10. Qd2 Kh7 11. Rad1 Nb4 12. Rfe1 Qc7 13. Nh2 Be6 14. Bf3 Rad8 15. Bf4 Bc8 16. Ne2 e5 17. Bg3 Rfe8 18. dxe5 dxe5 19. Qc3 Qe7 20. Nc1 Nd7 21. Bg4 Nc5 22. Rxd8 Rxd8 23. Bxc8 Rxc8 24. b3 Rd8 25. Nf3 f6 26. Qc4 b5 27. axb5 cxb5 28. Qc3 Bf8 29. Kh2 Qd7 30. Qb2 Qb7 31. c3 Nbd3 32. Nxd3 Rxd3 33. Nd2 a4 34. b4 Qd7 35. Re2 Nb7 36. f4 Bd6 37. Qc2 Bc7 38. fxe5 Bxe5 39. Bxe5 fxe5 40. Rf2 Nd8 41. Nf3 Nf7 42. c4 bxc4 43. Qxc4 Kg7 44. Qa6 Rd6 45. Qa5 Re6 46. b5 a3 47. Rd2 Qb7 48. Rd5 Rb6 49. Qxa3 Rxb5 50. Qd3 Rxd5 51. exd5 Qd7 52. Kh1 Qf5 53. Qc3 Qb1+ 54. Kh2 Qb8 55. Nd2 Qd6 56. Qc6 Qxc6 57. dxc6 Nd6 58. Kg3 Kf7 59. Kf3 Ke6 60. Ne4 Nf5 1/2-1/2

[Event "Novokuznetsk Old Stager op"]
[Site "Novokuznetsk"]
[Date "2015.01.11"]
[Round "2"]
[White "Karpov, Arkadiy"]
[Black "Anokhin, Viktor T"]
[Result "1/2-1/2"]
[WhiteElo "2054"]
[BlackElo "1969"]
[PlyCount "150"]
[EventDate "2015.01.10"]
[EventType "swiss"]
[EventRounds "9"]
[EventCountry "RUS"]
[SourceTitle "EXT 2018"]
[Source "ChessBase"]
[SourceDate "2017.10.13"]
[SourceVersion "1"]
[SourceVersionDate "2017.10.13"]
[SourceQuality "1"]

1. d4 d5 2. c4 c6 3. Nc3 e6 4. Nf3 Nf6 5. a3 Nbd7 6. Bf4 Be7 7. e3 Ne4 8. Nxe4 dxe4 9. Nd2 f5 10. Qb3 Nf6 11. Be2 0-0 12. 0-0 Bd6 13. Bxd6 Qxd6 14. c5 Qe7 15. Nc4 Kh8 16. Qc2 Nd5 17. f3 Nf6 18. Nd6 Nd5 19. Nc4 Nf6 20. Rae1 Rb8 21. Ne5 Bd7 22. fxe4 Nxe4 23. Bd3 Nf6 24. e4 g6 25. exf5 gxf5 26. Bxf5 Qg7 27. Bh3 Rbd8 28. Rf3 Nh5 29. Ref1 Rxf3 30. Rxf3 Be8 31. Qf2 Bg6 32. Bxe6 Qh6 33. g4 Qc1+ 34. Kg2 Be4 35. gxh5 Qg5+ 36. Qg3 Bxf3+ 37. Nxf3 Qxh5 38. Qe5+ Qxe5 39. dxe5 Kg7 40. Kg3 Rd3 41. Kf4 h6 42. h4 Rd1 43. Bc4 b5 44. cxb6 axb6 45. Ke4 Rb1 46. b3 b5 47. Be6 Ra1 48. Nd4 Re1+ 49. Kf4 Rf1+ 50. Kg3 Rc1 51. h5 Kf8 52. Kf4 Rf1+ 53. Ke4 Ke7 54. Bg4 Re1+ 55. Kf4 c5 56. Nxb5 Rb1 57. b4 cxb4 58. Be2 b3 59. Bd3 Ra1 60. Ke4 b2 61. Nc3 Rxa3 62. Kd4 Ke6 63. Bc4+ Kd7 64. Bd3 Ke6 65. Nb1 Ra1 66. Nc3 Re1 67. Bc4+ Kf5 68. Bd3+ Ke6 69. Bc4+ Kf5 70. e6 Kf6 71. Ba2 Rh1 72. Kd3 Rh3+ 73. Kc2 Rxc3+ 74. Kxc3 b1Q 75. Bxb1 Kxe6 1/2-1/2

[Event "Novokuznetsk-ch"]
[Site "Novokuznetsk"]
[Date "2014.11.30"]
[Round "5"]
[White "Karpov, Arkadiy"]
[Black "Kosheparova, Tatiana"]
[Result "0-1"]
[WhiteElo "2050"]
[BlackElo "2089"]
[PlyCount "66"]
[EventDate "2014.11.16"]
[EventType "swiss"]
[EventRounds "9"]
[EventCountry "RUS"]
[SourceTitle "EXT 2016"]
[Source "ChessBase"]
[SourceDate "2015.10.08"]
[SourceVersion "1"]
[SourceVersionDate "2015.10.08"]
[SourceQuality "1"]

1. d4 d5 2. c4 e6 3. Nf3 c6 4. g3 f5 5. Bg2 Nf6 6. 0-0 Bd6 7. Qc2 0-0 8. Bg5 h6 9. Bxf6 Qxf6 10. Nbd2 g5 11. e3 Nd7 12. Rac1 Rf7 13. Ne1 h5 14. f4 g4 15. Nd3 Qh6 16. Rfe1 h4 17. Ne5 Rh7 18. cxd5 exd5 19. Nxc6 Nf6 20. Ne5 Be6 21. Kf2 Bb4 22. Rh1 h3 23. Bxd5 Bxd5 24. Qxf5 Rf8 25. Nxg4 Nxg4+ 26. Qxg4+ Rg7 27. Qe2 Bxd2 28. Qxd2 Bxh1 29. Rxh1 Qc6 30. Rg1 Rc8 31. g4 Qe4 32. Kg3 Rc2 33. Qe1 Rg2+ 0-1

[Event "Novokuznetsk-ch"]
[Site "Novokuznetsk"]
[Date "2014.11.16"]
[Round "1"]
[White "Karpov, Arkadiy"]
[Black "Komarov, Andrey"]
[Result "1-0"]
[WhiteElo "2050"]
[BlackElo "1822"]
[PlyCount "47"]
[EventDate "2014.11.16"]
[EventType "swiss"]
[EventRounds "9"]
[EventCountry "RUS"]
[SourceTitle "EXT 2016"]
[Source "ChessBase"]
[SourceDate "2015.10.08"]
[SourceVersion "1"]
[SourceVersionDate "2015.10.08"]
[SourceQuality "1"]

1. d4 d5 2. Nf3 c6 3. g3 e6 4. Bg2 Nf6 5. 0-0 Bd6 6. Nbd2 Nbd7 7. Re1 Ne4 8. Nxe4 dxe4 9. Ng5 f5 10. Nxe6 Qe7 11. Nf4 h5 12. Ng6 Qf6 13. Nxh8 g5 14. d5 g4 15. dxc6 bxc6 16. Qd2 Be5 17. Qg5 Qxg5 18. Bxg5 Bxh8 19. c3 Rb8 20. Rab1 Ba6 21. f3 Nc5 22. Be3 gxf3 23. Bxc5 fxg2 24. Kxg2 1-0

[Event "Novokuznetsk Kustov op"]
[Site "Novokuznetsk"]
[Date "2014.10.18"]
[Round "6"]
[White "Turbin, Vladimir"]
[Black "Karpov, Arkadiy"]
[Result "1/2-1/2"]
[WhiteElo "2078"]
[BlackElo "2029"]
[PlyCount "126"]
[EventDate "2014.09.28"]
[EventType "swiss"]
[EventRounds "9"]
[EventCountry "RUS"]
[SourceTitle "EXT 2018"]
[Source "ChessBase"]
[SourceDate "2017.10.13"]
[SourceVersion "1"]
[SourceVersionDate "2017.10.13"]
[SourceQuality "1"]

1. e4 d6 2. d4 Nf6 3. Nc3 g6 4. f4 Bg7 5. Nf3 0-0 6. Be2 c5 7. 0-0 cxd4 8. Nxd4 Nc6 9. Be3 Qb6 10. e5 dxe5 11. fxe5 Nxe5 12. Nf5 Qe6 13. Nxg7 Kxg7 14. Nb5 Nc6 15. Bf4 Rd8 16. Nc7 Qe4 17. Bd3 Qd4+ 18. Kh1 Bg4 19. Qe1 Rac8 20. Qh4 Rd7 21. Nb5 Qc5 22. Bh6+ Kg8 23. Rxf6 exf6 24. Qxg4 Ne5 25. Qf4 Nxd3 26. cxd3 g5 27. Qxf6 Qc1+ 28. Qf1 Qxb2 29. Rb1 Qe5 30. d4 Qe4 31. Re1 Qg6 32. Nxa7 Rcd8 33. Bxg5 Qxg5 34. Re5 Qg6 35. Nb5 Rd5 36. Re7 Rxb5 37. Qxb5 Qf6 38. Rxb7 Rxd4 39. Qe8+ Kg7 40. Qe1 Qf4 41. Rb3 h6 42. Rg3+ Kh7 43. Rf3 Qe4 44. Qxe4+ Rxe4 45. h3 Kg6 46. Kg1 f5 47. Kf2 f4 48. Ra3 Rc4 49. Kf3 Kf5 50. Ra5+ Kf6 51. Kg4 Rc2 52. Kxf4 Rxg2 53. Ra6+ Kg7 54. a4 Rf2+ 55. Kg4 Rg2+ 56. Kh5 Rg5+ 57. Kh4 Rg1 58. Rb6 Rc1 59. Rb3 Rc5 60. Kg4 Kg6 61. Kf4 Rf5+ 62. Ke4 Rh5 63. Rb6+ Kf7 1/2-1/2

[Event "Novokuznetsk-ch"]
[Site "Novokuznetsk"]
[Date "2014.05.06"]
[Round "6"]
[White "Morokov, Anatoliy"]
[Black "Karpov, Arkadiy"]
[Result "0-1"]
[WhiteElo "1762"]
[BlackElo "2028"]
[PlyCount "70"]
[EventDate "2014.05.01"]
[EventType "swiss"]
[EventRounds "9"]
[EventCountry "RUS"]
[SourceTitle "CBM 160 Extra"]
[Source "ChessBase"]
[SourceDate "2014.07.01"]
[SourceVersion "1"]
[SourceVersionDate "2014.07.01"]
[SourceQuality "1"]

1. e4 d6 2. d4 Nf6 3. Nc3 g6 4. Be2 c6 5. Bg5 Bg7 6. h4 h6 7. Bxf6 Bxf6 8. g4 Qb6 9. Nf3 Bxg4 10. e5 Bxf3 11. exf6 Bxh1 12. fxe7 Bd5 13. Qd2 Qc7 14. f4 Qxe7 15. f5 Qxh4+ 16. Kd1 Qh1+ 17. Qe1 Qxe1+ 18. Kxe1 gxf5 19. Nxd5 cxd5 20. Kd2 Nc6 21. Re1 Kf8 22. Kd3 Re8 23. Rf1 Ne7 24. Bf3 h5 25. c4 h4 26. cxd5 h3 27. Bh1 Rh4 28. Ke3 Nxd5+ 29. Kf3 Re3+ 30. Kf2 Rf4+ 31. Kg1 Rg3+ 32. Kh2 Rxf1 33. Bxd5 f4 34. b4 Rf2+ 35. Kh1 h2 0-1

[Event "Novokuznetsk Spring op"]
[Site "Novokuznetsk"]
[Date "2014.04.20"]
[Round "7"]
[White "Kamensky, Danil"]
[Black "Karpov, Arkadiy"]
[Result "1/2-1/2"]
[WhiteElo "1820"]
[BlackElo "2028"]
[PlyCount "132"]
[EventDate "2014.03.29"]
[EventType "swiss"]
[EventRounds "9"]
[EventCountry "RUS"]
[SourceTitle "EXT 2015"]
[Source "ChessBase"]
[SourceDate "2014.11.20"]
[SourceVersion "1"]
[SourceVersionDate "2014.11.20"]
[SourceQuality "1"]

1. d4 Nf6 2. c4 e6 3. Nf3 Be7 4. Nc3 d5 5. Bg5 0-0 6. e3 h6 7. Bh4 b6 8. Bd3 Ba6 9. Qe2 c5 10. cxd5 Bxd3 11. Qxd3 exd5 12. dxc5 bxc5 13. Bxf6 Bxf6 14. 0-0 d4 15. Ne4 dxe3 16. Nxf6+ Qxf6 17. Qxe3 Na6 18. Qe5 Qb6 19. Rfe1 Rab8 20. b3 Nb4 21. Qc3 Rbd8 22. Qc4 Nd3 23. Re3 Qf6 24. Rf1 Qf5 25. Qc2 g6 26. a3 Rd5 27. Rd1 Rfd8 28. Rd2 Qd7 29. h3 Nf4 30. Rxd5 Qxd5 31. Rc3 Qd1+ 32. Qxd1 Rxd1+ 33. Kh2 Nd3 34. Kg3 f5 35. Nh4 f4+ 36. Kf3 g5 37. Nf5 Rd2 38. Nxh6+ Kh7 39. Ng4 Kg6 40. g3 Kf5 41. Nh6+ Kg6 42. Ng4 Kf5 43. Nh6+ Kf6 44. Ng4+ Kf5 45. Kg2 fxg3 46. Kxg3 Ke4 47. Nf6+ Ke5 48. Ng4+ Kd5 49. Kf3 Nf4 50. Nf6+ Ke6 51. Ne4 Rd5 52. Nxc5+ Kf5 53. Na4 Nxh3 54. Rc5 Rxc5 55. Nxc5 g4+ 56. Ke3 Nf4 57. b4 Ng2+ 58. Ke2 Nf4+ 59. Kd2 Nd5 60. Nd3 Ke4 61. a4 Kd4 62. a5 Nc3 63. Kc2 Nb5 64. Kd2 Nc3 65. Kc2 Nb5 66. Nb2 Nd6 1/2-1/2

[Event "Novokuznetsk Spring op"]
[Site "Novokuznetsk"]
[Date "2014.04.12"]
[Round "4"]
[White "Karpov, Arkadiy"]
[Black "Sozin, Stepan"]
[Result "0-1"]
[WhiteElo "2028"]
[BlackElo "2266"]
[PlyCount "74"]
[EventDate "2014.03.29"]
[EventType "swiss"]
[EventRounds "9"]
[EventCountry "RUS"]
[SourceTitle "EXT 2015"]
[Source "ChessBase"]
[SourceDate "2014.11.20"]
[SourceVersion "1"]
[SourceVersionDate "2014.11.20"]
[SourceQuality "1"]

1. Nf3 c5 2. c4 Nc6 3. g3 g6 4. Bg2 Bg7 5. Nc3 e5 6. d3 Nge7 7. 0-0 0-0 8. Rb1 d6 9. a3 f5 10. Bg5 h6 11. Bxe7 Nxe7 12. Qc2 Be6 13. b4 b6 14. Nd2 Rc8 15. Qa4 Rc7 16. Rfc1 g5 17. Nb5 Bd7 18. Qb3 Bxb5 19. cxb5+ Kh8 20. a4 cxb4 21. Qxb4 d5 22. Nb3 Rxc1+ 23. Rxc1 Qd7 24. Nd2 f4 25. Bh3 g4 26. Bxg4 Qxg4 27. Qxe7 fxg3 28. f3 gxh2+ 29. Kh1 Qf4 30. Rc7 Qg3 31. Rc1 Qf2 32. Qxa7 Qxe2 33. Qxb6 Qxd2 34. Rf1 Qxd3 35. Qf2 e4 36. f4 Bd4 37. Qg2 Rg8 0-1

[Event "Novokuznetsk Spring op"]
[Site "Novokuznetsk"]
[Date "2014.04.05"]
[Round "3"]
[White "Karpov, Arkadiy"]
[Black "Seslavin, Maxim"]
[Result "1-0"]
[WhiteElo "2028"]
[BlackElo "1935"]
[PlyCount "51"]
[EventDate "2014.03.29"]
[EventType "swiss"]
[EventRounds "9"]
[EventCountry "RUS"]
[SourceTitle "EXT 2015"]
[Source "ChessBase"]
[SourceDate "2014.11.20"]
[SourceVersion "1"]
[SourceVersionDate "2014.11.20"]
[SourceQuality "1"]

1. Nf3 Nf6 2. g3 b5 3. Bg2 Bb7 4. c4 bxc4 5. Qa4 e6 6. Qxc4 d5 7. Qb5+ Bc6 8. Qb3 Nbd7 9. 0-0 Nb6 10. d3 Ba4 11. Qc3 a5 12. b3 Bb4 13. Qc2 Bb5 14. Nd4 Qd7 15. Bb2 Ra7 16. Nd2 c5 17. Nxb5 Qxb5 18. Nf3 c4 19. dxc4 dxc4 20. Nd4 Qc5 21. a3 cxb3 22. Qd3 Qc4 23. axb4 Qxd3 24. exd3 a4 25. Nxb3 Nfd5 26. Bxg7 1-0

[Event "Novokuznetsk Spring op"]
[Site "Novokuznetsk"]
[Date "2014.03.29"]
[Round "1"]
[White "Morokov, Anatoliy"]
[Black "Karpov, Arkadiy"]
[Result "0-1"]
[WhiteElo "1762"]
[BlackElo "2028"]
[PlyCount "30"]
[EventDate "2014.03.29"]
[EventType "swiss"]
[EventRounds "9"]
[EventCountry "RUS"]
[SourceTitle "EXT 2015"]
[Source "ChessBase"]
[SourceDate "2014.11.20"]
[SourceVersion "1"]
[SourceVersionDate "2014.11.20"]
[SourceQuality "1"]

1. e4 d6 2. d4 Nf6 3. Nc3 g6 4. Bd3 Bg7 5. Nf3 0-0 6. 0-0 Bg4 7. h3 Bxf3 8. Qxf3 Nc6 9. Be3 Nd7 10. Ne2 a6 11. c3 Nce5 12. Qg3 Nxd3 13. b3 e5 14. Bd2 Nf4 15. dxe5 Nxe2+ 0-1

[Event "Novokuznetsk-ch"]
[Site "Novokuznetsk"]
[Date "2013.12.14"]
[Round "8"]
[White "Kamensky, Danil"]
[Black "Karpov, Arkadiy"]
[Result "0-1"]
[WhiteElo "1804"]
[BlackElo "2037"]
[PlyCount "76"]
[EventDate "2013.11.17"]
[EventType "swiss"]
[EventRounds "9"]
[EventCountry "RUS"]
[SourceTitle "EXT 2015"]
[Source "ChessBase"]
[SourceDate "2014.11.20"]
[SourceVersion "1"]
[SourceVersionDate "2014.11.20"]
[SourceQuality "1"]

1. d4 Nf6 2. Nf3 g6 3. c4 Bg7 4. Nc3 d6 5. e4 0-0 6. Bd3 Nc6 7. 0-0 Bg4 8. Be3 e5 9. d5 Nd4 10. Bxd4 exd4 11. Nb1 Nh5 12. h3 Bd7 13. Nbd2 Nf4 14. Nb3 c5 15. dxc6 bxc6 16. c5 dxc5 17. Rc1 a5 18. Nxc5 Bc8 19. Qa4 Qb6 20. Rc2 Nxd3 21. Nxd3 Ba6 22. Rd1 Bb5 23. Qa3 Rfe8 24. Qc5 Qxc5 25. Nxc5 Rad8 26. Ne1 Bf8 27. f3 Bh6 28. Ned3 Be3+ 29. Kf1 h5 30. a4 Bxd3+ 31. Nxd3 Re6 32. Nc5 Re7 33. Rd3 Rb8 34. Nb3 Reb7 35. Nxd4 Bxd4 36. Rxd4 Rxb2 37. Rxc6 Ra2 38. Rc7 Rb1+ 0-1

[Event "Novokuznetsk-ch"]
[Site "Novokuznetsk"]
[Date "2013.12.08"]
[Round "7"]
[White "Karpov, Arkadiy"]
[Black "Avdeev, Alexandr Nov"]
[Result "0-1"]
[WhiteElo "2037"]
[BlackElo "1954"]
[PlyCount "168"]
[EventDate "2013.11.17"]
[EventType "swiss"]
[EventRounds "9"]
[EventCountry "RUS"]
[SourceTitle "EXT 2015"]
[Source "ChessBase"]
[SourceDate "2014.11.20"]
[SourceVersion "1"]
[SourceVersionDate "2014.11.20"]
[SourceQuality "1"]

1. Nf3 Nf6 2. g3 b6 3. Bg2 Bb7 4. 0-0 e6 5. c4 c5 6. Nc3 Be7 7. d3 d5 8. Ne5 0-0 9. e3 Nfd7 10. Nf3 f5 11. Qb3 Nf6 12. Ng5 Qd7 13. cxd5 exd5 14. e4 fxe4 15. Bh3 Qc6 16. dxe4 c4 17. Qb5 h6 18. Be6+ Kh8 19. Nf7+ Kh7 20. Qxc6 Nxc6 21. exd5 Nd4 22. Ne5 Nxe6 23. dxe6 Rac8 24. Be3 Nd5 25. Bd4 Rf6 26. f4 Nxc3 27. bxc3 Rxe6 28. f5 Rd6 29. Rae1 Bf6 30. Rf2 Rcd8 31. Rd2 Rd5 32. Nxc4 Bxd4+ 33. Rxd4 Rxd4 34. cxd4 Rxd4 35. Ne5 Kg8 36. Rc1 Rd5 37. Ng6 Rd7 38. Re1 Rd8 39. Re7 Bd5 40. Rxa7 Bf7 41. Ne5 Rd1+ 42. Kf2 Rd5 43. Nxf7 Rxf5+ 44. Ke3 Rxf7 45. Rxf7 Kxf7 46. Ke4 Ke6 47. g4 b5 48. Kd4 Kd6 49. h3 g5 50. a3 Kc6 51. Ke5 Kc5 52. Kf6 Kc4 53. Kg6 Kb3 54. Kxh6 Kxa3 55. Kxg5 b4 56. Kf6 b3 57. g5 b2 58. g6 b1Q 59. g7 Qb3 60. h4 Qf3+ 61. Ke7 Qe4+ 62. Kf7 Qf5+ 63. Ke8 Qg6+ 64. Kf8 Qf6+ 65. Kg8 Qxh4 66. Kf7 Qf4+ 67. Ke7 Qg5+ 68. Kf7 Qf5+ 69. Ke7 Qg6 70. Kf8 Qf6+ 71. Kg8 Kb4 72. Kh7 Qh4+ 73. Kg6 Qg4+ 74. Kf7 Qf5+ 75. Ke7 Qg6 76. Kf8 Qf6+ 77. Kg8 Kc5 78. Kh7 Qf7 79. Kh8 Qh5+ 80. Kg8 Kd6 81. Kf8 Qf5+ 82. Kg8 Ke7 83. Kh8 Qh5+ 84. Kg8 Kf6 0-1

[Event "Novokuznetsk-ch"]
[Site "Novokuznetsk"]
[Date "2013.11.17"]
[Round "1"]
[White "Karpov, Arkadiy"]
[Black "Korobeynikov, Alexandr"]
[Result "1/2-1/2"]
[WhiteElo "2037"]
[BlackElo "1823"]
[PlyCount "75"]
[EventDate "2013.11.17"]
[EventType "swiss"]
[EventRounds "9"]
[EventCountry "RUS"]
[SourceTitle "EXT 2015"]
[Source "ChessBase"]
[SourceDate "2014.11.20"]
[SourceVersion "1"]
[SourceVersionDate "2014.11.20"]
[SourceQuality "1"]

1. c4 Nf6 2. Nf3 d6 3. g3 Nbd7 4. Bg2 g6 5. b3 e5 6. d3 Bg7 7. Bb2 c5 8. Nc3 Nb6 9. a3 Qe7 10. Qc2 Bf5 11. 0-0 0-0 12. Nd2 Qd7 13. Rfe1 Bh3 14. Bh1 a6 15. b4 Rad8 16. Rab1 cxb4 17. axb4 d5 18. c5 Nc8 19. Ba3 Rfe8 20. b5 axb5 21. Rxb5 Na7 22. Rb6 Re6 23. Reb1 Rxb6 24. Rxb6 Nc6 25. Qb3 Nd4 26. Qd1 Ra8 27. Rd6 Qc8 28. Bb4 Nc6 29. Qb1 d4 30. Nd5 Nxd5 31. Bxd5 Nxb4 32. Qxb4 Bf8 33. Rb6 Ra1+ 34. Nb1 Bxc5 35. Bxf7+ Kxf7 36. Rxb7+ Kf6 37. Qb2 Qc6 38. f3 1/2-1/2

[Event "Novokuznetsk op"]
[Site "Novokuznetsk"]
[Date "2013.08.12"]
[Round "2"]
[White "Sozin, Stepan"]
[Black "Karpov, Arkadiy"]
[Result "1-0"]
[WhiteElo "2251"]
[BlackElo "2062"]
[PlyCount "115"]
[EventDate "2013.08.11"]
[EventType "swiss"]
[EventRounds "9"]
[EventCountry "RUS"]
[SourceTitle "CBM 156 Extra"]
[Source "ChessBase"]
[SourceDate "2013.10.22"]
[SourceVersion "1"]
[SourceVersionDate "2013.10.22"]
[SourceQuality "1"]

1. e4 g6 2. d4 Bg7 3. Nf3 d6 4. c3 Nc6 5. d5 Ne5 6. Nxe5 Bxe5 7. Nd2 Bg7 8. Bd3 Nf6 9. 0-0 0-0 10. h3 c6 11. dxc6 bxc6 12. Nf3 Qc7 13. Qe2 Nd7 14. Bg5 Nc5 15. Bc4 a5 16. Rad1 Be6 17. Bxe6 Nxe6 18. h4 Rab8 19. Bc1 Rb7 20. h5 Rb5 21. hxg6 hxg6 22. g3 Rh5 23. Kg2 Bh6 24. Bxh6 Rxh6 25. Rh1 Rxh1 26. Rxh1 Kg7 27. Nh4 Qb8 28. Qg4 Rg8 29. Nxg6 fxg6 30. Qxe6 Qf8 31. e5 dxe5 32. Qxe5+ Qf6 33. Re1 Qxe5 34. Rxe5 Ra8 35. Rxe7+ Kf6 36. Rc7 Ra6 37. b3 Kf5 38. Kf3 Rb6 39. c4 a4 40. bxa4 Ra6 41. Ke3 Ke5 42. f4+ Kf5 43. Kf3 Rb6 44. a5 Ra6 45. g4+ Ke6 46. Ke4 Kf6 47. g5+ Ke6 48. Rg7 Rxa5 49. Rxg6+ Kd7 50. f5 Rxa2 51. Rg7+ Kd6 52. g6 Re2+ 53. Kd3 Rf2 54. Rf7 c5 55. g7 Rg2 56. f6 Ke5 57. Rf8 Rg3+ 58. Ke2 1-0

[Event "Novokuznetsk-ch"]
[Site "Novokuznetsk"]
[Date "2013.05.10"]
[Round "7"]
[White "Shamne, Anton"]
[Black "Karpov, Arkadiy"]
[Result "0-1"]
[WhiteElo "2215"]
[BlackElo "2067"]
[PlyCount "90"]
[EventDate "2013.05.01"]
[EventType "swiss"]
[EventRounds "9"]
[EventCountry "RUS"]
[SourceTitle "CBM 154 Extra"]
[Source "ChessBase"]
[SourceDate "2013.06.25"]
[SourceVersion "2"]
[SourceVersionDate "2013.06.25"]
[SourceQuality "1"]

1. e4 d6 2. d4 Nf6 3. Nc3 g6 4. f3 c6 5. a4 Bg7 6. a5 0-0 7. Bd3 c5 8. d5 Nbd7 9. Nge2 Ne5 10. Ng3 h5 11. 0-0 Qc7 12. Nb5 Qd7 13. Na3 Qd8 14. Nc4 Nxc4 15. Bxc4 Bd7 16. Qe2 Ne8 17. c3 Nc7 18. Bg5 f6 19. Bf4 b5 20. axb6 axb6 21. Qe3 b5 22. Bb3 c4 23. Bc2 h4 24. Ne2 g5 25. Bxg5 fxg5 26. Qxg5 e5 27. Qe3 Na6 28. Ra2 Nc5 29. Rfa1 Rxa2 30. Rxa2 Qf6 31. Ra7 Bh6 32. Qf2 Kh8 33. Kh1 Qg5 34. Ng1 Rg8 35. b4 cxb3 36. Bxb3 Qd2 37. Ne2 Bg5 38. f4 Nd3 39. Qf1 Bxf4 40. Rxd7 Qe3 41. Nxf4 Nxf4 42. Rf7 Qxe4 43. Ba2 h3 44. Bb1 hxg2+ 45. Qxg2 Qxg2# 0-1